| 000 | 00784nam a22002057a 4500 | ||
|---|---|---|---|
| 999 |
_c59678 _d59678 |
||
| 005 | 20230331155354.0 | ||
| 008 | 230331s2002 enk||||| |||| 00| 0 eng d | ||
| 020 | _a9781853029769x | ||
| 041 | _aeng | ||
| 080 | _a37 D-69 | ||
| 100 |
_aDoel, Mark _917295 |
||
| 245 |
_aLearning, Practice and Assessment : _bSignposting the Portfolio / _c Mark Doel, Catherine Sawdon, Diane Morrison. |
||
| 264 |
_aLondon : _bJessica Kingsley publihers, _c2002. |
||
| 300 |
_a176 p.; _b23 cm. |
||
| 653 | _aსწავლა პრაქტიკა და შეფასება | ||
| 653 | _aპორტფოლიოს განთავსება | ||
| 700 |
_aSawdon, Catherine _eავტორი _917406 |
||
| 700 |
_aMorrison, Diane _eავტორი _917407 |
||
| 942 |
_2udc _cBK |
||